|
|
|
|
| LEADER |
00000nam a22000000i 4500 |
| 001 |
vtls009917482 |
| 003 |
SK-MaSNL |
| 005 |
20260302081056.0 |
| 008 |
210223s1720 xo r 000 lat |
| 015 |
|
|
|a SNBHFA1720
|
| 035 |
|
|
|a urn:nbn:sk:snk-am00el62
|
| 035 |
|
|
|a urn:nbn:sk:snk-am3ij0n
|
| 035 |
|
|
|a 4356D1E0-FE40-4749-A533-61C19E81AE36
|
| 040 |
|
|
|a SNK
|b slo
|c SNK
|e AACR2
|
| 041 |
0 |
|
|a lat
|
| 044 |
|
|
|a xo
|c SK
|
| 072 |
|
7 |
|a 2
|x Náboženstvo
|2 konspekt
|
| 080 |
|
|
|a 2-284
|2 2011
|
| 130 |
0 |
|
|a Instructio
|9 409212
|
| 245 |
0 |
0 |
|a Instructio Catechetica
|b De Symbolo Apostolorum. Omnium, qui in Fide, & Religione Christiana, & Catholica erudiri cupiunt, ac debent, utilitati proposita. Ex Bibliotheca Catechetica erecta Tyrnaviae in Collegio Societatis Jesu
|n Secunda
|
| 260 |
|
|
|a Tyrnaviae
|b Typis Academicis Societatis Jesu
|c Anno MDCCXX. [1720]
|
| 300 |
|
|
|a [21 s.
|c 13 cm
|
| 500 |
|
|
|a Titulná strana s vinetou. Vineta. Ozdobná linka. Ozdobná iniciála. Zložky. Kustody
|
| 501 |
|
|
|a Prív. 1. k: INSTRUCTIO Catechetica Prima. Tyrnaviae : Typis Academicis Societatis Jesu, Anno MDCCXX. [1720].
|5 SNK SE 2038/1-6/prív.1
|
| 504 |
|
|
|a Poznámky pod textom
|
| 650 |
0 |
7 |
|a dogmatická teológia
|2 SNKPH
|9 1805
|
| 710 |
2 |
|
|a Akademická tlačiareň (Trnava, Slovensko)
|4 prt
|9 232890
|
| 752 |
|
|
|a Slovensko
|d Trnava
|
| 852 |
|
|
|a snk
|p SE 2038/1-6/prív.1
|
| 958 |
|
|
|a ONDV
|
| 999 |
|
|
|c 1175113
|d 1177043
|
| 952 |
|
|
|a SNK
|b SNK
|y PREZ
|7 0
|p 17A1396462
|o snkSE 2038/1-6/prív.1
|i snk8953/57
|0 0
|1 0
|4 0
|d 2020-09-17
|f 1
|l 0
|r 2026-02-24 21:19:31
|w 2026-02-24
|
| 952 |
|
|
|a SNK
|b SNK
|y PREZ
|7 0
|p 17A1396463
|o snkSE 2038/2 D2
|i snkF 2194/69
|8 5
|0 0
|1 0
|4 0
|d 2020-09-17
|l 0
|r 2026-02-24 21:19:31
|w 2026-02-24
|